| 000 | 00586nam a2200205 a 4500 | ||
|---|---|---|---|
| 005 | 20240305063713.0 | ||
| 008 | 991125s1997 mx 000 0 spa u | ||
| 020 | _a9706422161 | ||
| 035 | _aUPN01000008317 | ||
| 049 | _aLT | ||
| 050 | 4 |
_aLB1644 M6.2 _bL42 |
|
| 100 | 1 | _aLeón Olivares, Bernardino | |
| 245 | 1 | 0 |
_aCivismo 2 / _cBernardino León Olivares |
| 260 |
_aMéxico : _bSantillana, _c1997 |
||
| 300 |
_a151 p. : _bil. col |
||
| 440 | 0 | _aSantillana secundaria. Serie 2000 | |
| 650 | 4 |
_aCivismo _xEstudio y enseñanza (Secundaria) _91512 |
|
| 904 |
_aAC _b008317 |
||
| 905 | _aLibro | ||
| 999 |
_c8317 _d8317 |
||